000 00991nam a22002537a 4500
003 DO-SdBNP
005 20220707074111.0
008 171020b 2016 dr 00| 0 spa d
020 _a9789945492804
040 _aBPMSU
_bspa
_cBPMSU
082 _aRD861.08
_bV443s 2016
_222
100 1 _aVeloz Maggiolo, Marcio
_d1936-2021
245 1 3 _aLa sonora armonía :
_bpoesía reunida /
_cMarcio Veloz Maggiolo
260 _aSanto Domingo :
_bEditora Nacional,
_c2016
300 _a549 p. ;
_c23 cm.
500 _aIncluye datos biográficos del autor en la solapa de la cubierta
505 0 _8La sonora armonía -- Poesía reunida -- El sol y las cosas -- Intus -- La palabra reunida -- Poemas en ciernes -- Retorno a la palabra -- Las armonías privadas -- Soy el vacío -- Historias del corazón -- Poemas adánicos.
590 _6Inventariado, 2021/VM
648 _a
650 4 _aPoesía dominicana
_vColecciones
650 4 _aLiteratura dominicana
910 _aVMateo
942 _2ddc
_cBK
999 _c12653
_d12653